000 00807cab a2200253 4500
001 WB2910-38
008 090401t1993 xxu||||| |||| 00| 0 eng d
035 _a(Sirsi) u68165
041 _aeng
245 _aJones store wins fight over leases
260 _c1993
350 _a0
490 _aTimes
_v12 March 1993, 6
490 _aDaily Telegraph
_v12 March 1993, 10(2)
520 _aThe Peter Jones department store has averted an attempt in the High Court to withdraw its leases after a dispute with landlord Cadogan Estate over redeveloping part of the site.
650 _aCADOGAN ESTATE
650 _aDEMOLITION
650 _aDEPARTMENT STORES
650 _aLEASES
650 _aLISTED BUILDINGS
690 _aLANDLORD AND TENANT-BUSINESS TENANCIES
942 _n0
948 _c04/03/1997
999 _c42740
_d42740